Soustava ukazatelů pro hodnocení ZPoK a ZPK a předpoklady jejího uplatnění v osmé pětiletce

Saved in:
Bibliographic Details
Main Author: Houška, Václav
Other Authors: Chocholová, Marta
Format: Book
Language:Czech
Published: Praha Výzkumný ústav sociálně-ekonomické inform. a automatizace v řízení 1984
Series:Výzkumná práce č. 24
Tags: Add Tag
No Tags, Be the first to tag this record!

MARC

LEADER 00000nam a2200000 4500
001 c110009
005 20221207070715.7
041 0 |a cze 
044 |a CZ 
245 1 0 |a Soustava ukazatelů pro hodnocení ZPoK a ZPK a předpoklady jejího uplatnění v osmé pětiletce  |c Václav Houška, Marta Chocholová 
264 1 |a Praha  |b Výzkumný ústav sociálně-ekonomické inform. a automatizace v řízení  |c 1984 
300 |a 73 s. 
490 1 |a Výzkumná práce  |v č. 24 
830 0 |a Výzkumná práce  |v č. 24 
100 1 |a Houška, Václav 
700 1 |a Chocholová, Marta